000 00757nas a2200253 454500
001 IICA0700749
003 BR-BrBNA
005 20260323111532.0
007 ta
008 260323b bl.|||p| |||| 00| 00por d
040 _aBR-BrBNA
_bpor
_cBiblioteca Nacional de Agricultura
041 _a(Es)
072 _aC30
100 1 _aAlvarado, E.L. de
100 1 _aMoradel Diaz, M.
245 1 _aAnalisis del uso del indice agricola de America Latina y del Caribe en Honduras
300 _av. 4(1) p. 1-10
650 _aBIBLIOTECA
650 _aSETOR AGRICOLA
650 _aHONDURAS
773 0 _tREVISTA AIBDA (IICA) (IICA)
_X0250-3190
_g(Jan-Jun 1983), v. 4(1) p. 1-10
_wIICA0700749
909 _a202603
_bLúcia
_c55
_dLúcia Elande
942 _2IICA
_n0
_cANA
999 _c340755
_d340755